00770 2200229 4500001002100000005001500021035002000036007000300056008004100059020002200100082001000122084001600132100004600148245014400194250001800338260003700356300005800393650001600451700001900467700001800486856003600504INLIS00000000113675220220117022451 a0010-0122001838ta220117 g 0 ind  a978-602-17607-8-9 a610.7 a610.7 AND k0 aAndra Saferi Wijaya & Yessie Mariza Putri1 aKMB 2 Keperawatan Medikal Bedah (Keperawatan Dewasa) :bDilengkapi Contoh Askep /cNs. Andra Saferi Wijaya, S.Kep & Ns. Yessie Mariza Putri aCetakan Kedua aYogyakarta :bNuha Medika,c2015 aviii, 266 halaman :bilustrasi ;c19.8 x 28.5 cme... 4aKeperawatan0 aSampul; Haikhi0 aLayout: 1sna1 aPerpustakaan Umum Kota Makassar